000 00923nam a22003257a 4500
001 BR8103592
003 BR-BrBNA
005 20230928090959.0
007 ta
008 230509b bl.||||| |||| 00| 0 por d
040 _aBR-BrBNA
_bpor
_cBiblioteca Nacional de Agricultura
041 _a(Por)
072 _aF25
_b3801
090 _ 3801 BR8103592
100 1 _aRaij, B.V.
110 1 _aInstituto de Potassa e Fosfato, Piracicaba, SP (Brasil);
_96253
110 1 _aInstituto Internacional da Potassa, Piracicaba, SP (Brasil)
245 1 _aAvaliacao da fertilidade do solo [Fertilizante]
260 3 _aPiracicaba, SP (Brasil):
_c1981.
300 _a142 p.
500 _a30 ref.; Summary (Eng)
650 _aFertilidade do solo
650 _afertilizante
650 _aAnalise do solo
650 _aAcidez
650 _aCalagem
650 _aSolo
909 _a202309
_bLucia
_c55
_dLucia Elande
942 _cBK
999 _c31587
_d31587